[Event "Polgar Challenge 2021"]
[Site "Online"]
[Date "2021.04.04"]
[Round "5.6"]
[White "Yoo, Christopher Woojin"]
[Black "Murzin, Volodar"]
[Result "1-0"]
[WhiteElo "2455"]
[BlackElo "2478"]
[Annotator "ChessBase"]
[PlyCount "83"]
[EventDate "2021.04.08"]
[EventType "tourn"]
[EventCountry "NET"]
[SourceTitle "playchess.com"]
[Source "ChessBase"]
[SourceQuality "1"]
[TimeControl "600+5"]

1. d4 {[%emt 0:00:00]} Nf6 {[%emt 0:00:00]} 2. Nf3 {[%emt 0:00:00]} g6 {[%emt 0:00:00]} 3. c4 {[%emt 0:00:00]} Bg7 {[%emt 0:00:00]} 4. Nc3 {[%emt 0:00:00]} O-O {[%emt 0:00:02]} 5. Bg5 {[%emt 0:00:02]} d6 {[%emt 0:00:58]} 6. Qd2 {[%emt 0:00:03]} Nbd7 {[%emt 0:01:52]} 7. e4 {[%emt 0:00:04]} e5 {[%emt 0:00:05]} 8. Bd3 {[%emt 0:00:03]} Re8 {[%emt 0:00:12]} 9. O-O {[%emt 0:00:06]} Nf8 {[%emt 0:00:50]} 10. d5 {[%emt 0:01:27]} h5 {[%emt 0:00:06]} 11. h3 {[%emt 0:00:20]} a5 {[%emt 0:00:19]} 12. a3 {[%emt 0:01:16]} a4 {[%emt 0:01:37]} 13. Bc2 {[%emt 0:01:00]} Bd7 {[%emt 0:00:04]} 14. Qd1 {[%emt 0:00:02]} N8h7 {[%emt 0:00:21]} 15. Bxf6 {[%emt 0:00:26]} Nxf6 {[%emt 0:00:23]} 16. Re1 {[%emt 0:00:05]} Bh6 {[%emt 0:01:01]} 17. Bxa4 {[%emt 0:00:31]} Bxa4 {[%emt 0:00:10]} 18. Nxa4 {[%emt 0:00:00]} Kh8 {[%emt 0:00:09]} 19. Nc3 {[%emt 0:01:21]} Rg8 {[%emt 0:00:08]} 20. Nh2 {[%emt 0:00:40]} Qd7 {[%emt 0:00:17]} 21. Qd3 {[%emt 0:00:08]} Qe7 {[%emt 0:00:51]} 22. b4 {[%emt 0:00:17]} Nd7 {[%emt 0:00:50]} 23. a4 {[%emt 0:00:22]} Nb8 {[%emt 0:00:25]} 24. a5 {[%emt 0:01:04]} Na6 {[%emt 0:00:04]} 25. Rab1 {[%emt 0:00:01]} Qd7 {[%emt 0:00:12]} 26. Nf3 {[%emt 0:00:17]} Raf8 {[%emt 0:00:10]} 27. c5 {[%emt 0:00:12]} Nb8 {[%emt 0:00:42]} 28. cxd6 {[%emt 0:00:19]} cxd6 {[%emt 0:00:03]} 29. b5 {[%emt 0:00:01]} Qe7 {[%emt 0:00:20]} 30. a6 {[%emt 0:00:27]} Nd7 {[%emt 0:00:01]} 31. axb7 {[%emt 0:00:28]} Nc5 {[%emt 0:00:02]} 32. Qc4 {[%emt 0:00:01]} f5 {[%emt 0:00:06]} 33. b6 {[%emt 0:00:17]} Rb8 {[%emt 0:00:14]} 34. Qb5 {[%emt 0:00:25]} Rxb7 {[%emt 0:00:05]} 35. Qc6 {[%emt 0:00:04]} f4 {[%emt 0:00:09]} 36. Nb5 {[%emt 0:00:16]} Rd8 {[%emt 0:00:04]} 37. Nd2 {[%emt 0:00:07]} g5 {[%emt 0:00:03]} 38. Nc4 {[%emt 0:00:06]} Bf8 {[%emt 0:00:02]} 39. Nbxd6 {[%emt 0:00:12]} Rxd6 {[%emt 0:00:09]} 40. Qxc5 {[%emt 0:00:01]} Rd8 {[%emt 0:00:09]} 41. Qxe7 {[%emt 0:00:05]} Bxe7 {[%emt 0:00:02]} 42. Nxe5 {[%emt 0:00:06]} 1-0

[Event "Polgar Challenge 2021"]
[Site "Online"]
[Date "2021.04.04"]
[Round "5.7"]
[White "Shuvalova, Polina"]
[Black "Abdusattorov, Nodirbek"]
[Result "0-1"]
[WhiteElo "2476"]
[BlackElo "2627"]
[Annotator "TA"]
[PlyCount "72"]
[EventDate "2021.04.08"]
[EventType "tourn"]
[EventCountry "NET"]
[SourceTitle "playchess.com"]
[Source "ChessBase"]
[SourceQuality "1"]

{[%evp 10,72,0,0,0,0,1,8,12,9,9,-36,-33,-96,-70,-70,-65,-65,-58,-97,-97,-97,-97,-98,-98,-108,-105,-110,-93,-139,-139,-128,-133,-137,-140,-138,-135,-141,-134,-137,-143,-143,-135,-151,-141,-146,-156,-190,-182,-203,-199,-193,-202,-533,-525,-624,-595,-640,-637,-653,-647,-992,-975,-1136,-1133]} 1. d4 Nf6 2. c4 e6 3. Nf3 d5 4. g3 Bb4+ 5. Nc3 dxc4 6. Bg2 Bd7 $5 {[%mdl 4] Leaves trodden paths. E20: Nimzo-Indian: 4 g3 and 4 f3.} 7. Ne5 Bc6 8. Nxc6 Nxc6 {The position is equal.} 9. Qa4 Nd5 {[#]} 10. Bd2 $146 ({Predecessor:} 10. a3 Ba5 11. Qxc4 O-O 12. b4 Nxc3 13. Bxc6 bxc6 14. Qxc3 Bb6 15. Be3 Qd5 16. O-O {1-0 (36) Kiselev,M (2152)-Kozlov,S (1886) Voronezh 2013}) 10... O-O 11. a3 {[#]} (11. e3 $15) 11... Nb6 $1 12. Qd1 Be7 $36 {[%mdl 2048] Black has some pressure.} 13. e3 Na5 14. Rc1 Nb3 15. Rc2 c5 16. dxc5 Nxc5 17. O-O Qd3 18. Qb1 Rad8 19. Nb5 {[#]} Nb3 $1 {[%cal Rb3d2]} 20. Bc3 Na4 21. Nd4 Nxc3 ({Don't take} 21... Nxd4 22. exd4 b5 23. Rd1 $17) 22. Rxc3 Qxb1 ({Avoid the trap} 22... Nxd4 $2 23. Rxd3 Ne2+ 24. Kh1 $18) 23. Rxb1 Nxd4 24. exd4 b5 25. a4 a6 {[%cal Ba7a6,Ba6b5][%mdl 32]} 26. axb5 axb5 27. Bc6 {[#]} Rb8 $1 ({Don't play} 27... Rxd4 28. Bxb5 Rd2 29. Bxc4 $17) 28. d5 Rb6 29. b3 Bf6 30. Rc2 c3 {aiming for ...Rd8.} 31. b4 $2 (31. Ra1) 31... Rd8 $19 {Black is clearly winning.} 32. Re1 Kf8 33. Rce2 g5 34. Kg2 Kg7 35. Rd1 exd5 36. Be8 d4 {Black took control after the opening.  Weighted Error Value: White=0.43/Black=0.03} 0-1

[Event "Polgar Challenge 2021"]
[Site "Online"]
[Date "2021.04.04"]
[Round "5.8"]
[White "Bjerre, Jonas Buhl"]
[Black "Khademalsharieh, Sarasadat"]
[Result "1/2-1/2"]
[WhiteElo "2550"]
[BlackElo "2494"]
[Annotator "ChessBase"]
[PlyCount "45"]
[EventDate "2021.04.08"]
[EventType "tourn"]
[EventCountry "NET"]
[SourceTitle "playchess.com"]
[Source "ChessBase"]
[SourceQuality "1"]
[TimeControl "600+5"]

1. d4 {[%emt 0:00:00]} Nf6 {[%emt 0:00:00]} 2. c4 {[%emt 0:00:00]} e6 {[%emt 0:00:00]} 3. Nf3 {[%emt 0:00:00]} b6 {[%emt 0:00:03]} 4. g3 {[%emt 0:00:00]} Bb4+ {[%emt 0:00:02]} 5. Bd2 {[%emt 0:00:04]} Bxd2+ {[%emt 0:00:03]} 6. Qxd2 {[%emt 0:00:02]} Ba6 {[%emt 0:00:02]} 7. b3 {[%emt 0:00:02]} d5 {[%emt 0:00:07]} 8. cxd5 {[%emt 0:00:24]} exd5 {[%emt 0:00:16]} 9. Nc3 {[%emt 0:00:34]} O-O {[%emt 0:00:09]} 10. Bg2 {[%emt 0:00:01]} Nbd7 {[%emt 0:00:08]} 11. O-O {[%emt 0:00:17]} Re8 {[%emt 0:00:08]} 12. Rfd1 {[%emt 0:00:51]} Ne4 {[%emt 0:01:00]} 13. Nxe4 {[%emt 0:00:26]} dxe4 {[%emt 0:00:01]} 14. Ne1 {[%emt 0:00:45]} Bb7 {[%emt 0:01:11]} 15. Nc2 {[%emt 0:00:25]} c5 {[%emt 0:01:40]} 16. Ne3 {[%emt 0:01:00]} Qf6 {[%emt 0:00:58]} 17. Bh3 {[%emt 0:01:48]} Rad8 {[%emt 0:00:16]} 18. dxc5 {[%emt 0:00:38]} Nxc5 {[%emt 0:00:02]} 19. Qc2 {[%emt 0:00:03]} Bc8 {[%emt 0:00:57]} 20. Bg2 {[%emt 0:00:13]} Bb7 {[%emt 0:00:19]} 21. Bh3 {[%emt 0:01:26]} Bc8 {[%emt 0:00:08]} 22. Bg2 {[%emt 0:01:17]} Bb7 {[%emt 0:00:02]} 23. Bh3 {[%emt 0:00:34]} 1/2-1/2

[Event "Polgar Challenge 2021"]
[Site "Online"]
[Date "2021.04.04"]
[Round "5.9"]
[White "Gukesh D"]
[Black "Abdumalik, Zhansaya"]
[Result "1-0"]
[WhiteElo "2578"]
[BlackElo "2472"]
[Annotator "ChessBase"]
[PlyCount "77"]
[EventDate "2021.04.08"]
[EventType "tourn"]
[EventCountry "NET"]
[SourceTitle "playchess.com"]
[Source "ChessBase"]
[SourceQuality "1"]
[TimeControl "600+5"]

1. d4 {[%emt 0:00:00]} Nf6 {[%emt 0:00:00]} 2. c4 {[%emt 0:00:01]} g6 {[%emt 0:00:00]} 3. g3 {[%emt 0:00:01]} c5 {[%emt 0:00:06]} 4. d5 {[%emt 0:00:48]} Bg7 {[%emt 0:00:14]} 5. Bg2 {[%emt 0:00:06]} d6 {[%emt 0:00:01]} 6. Nc3 {[%emt 0:00:21]} O-O {[%emt 0:00:08]} 7. Nf3 {[%emt 0:00:09]} e6 {[%emt 0:00:19]} 8. O-O {[%emt 0:00:13]} exd5 {[%emt 0:00:01]} 9. cxd5 {[%emt 0:00:09]} a6 {[%emt 0:00:06]} 10. a4 {[%emt 0:00:02]} Bf5 {[%emt 0:00:02]} 11. Nd2 {[%emt 0:00:14]} Re8 {[%emt 0:00:35]} 12. e4 {[%emt 0:00:04]} Bg4 {[%emt 0:00:13]} 13. f3 {[%emt 0:00:26]} Bc8 {[%emt 0:00:03]} 14. Nc4 {[%emt 0:00:15]} Bf8 {[%emt 0:00:26]} 15. Bf4 {[%emt 0:00:59]} Nh5 {[%emt 0:00:08]} 16. Be3 {[%emt 0:00:04]} Nd7 {[%emt 0:00:04]} 17. a5 {[%emt 0:00:10]} b5 {[%emt 0:00:12]} 18. axb6 {[%emt 0:00:03]} Nxb6 {[%emt 0:00:01]} 19. Na5 {[%emt 0:00:13]} Nf6 {[%emt 0:00:18]} 20. Qd2 {[%emt 0:00:23]} Qc7 {[%emt 0:00:10]} 21. Rfc1 {[%emt 0:00:20]} Nfd7 {[%emt 0:00:38]} 22. f4 {[%emt 0:01:03]} Qd8 {[%emt 0:00:41]} 23. Nc6 {[%emt 0:01:11]} Qc7 {[%emt 0:00:20]} 24. b3 {[%emt 0:00:21]} Bb7 {[%emt 0:00:10]} 25. Na5 {[%emt 0:00:57]} Bc8 {[%emt 0:00:44]} 26. Ra2 {[%emt 0:00:22]} Nf6 {[%emt 0:00:25]} 27. h3 {[%emt 0:00:05]} Bg7 {[%emt 0:00:20]} 28. b4 {[%emt 0:00:31]} Nfd7 {[%emt 0:01:31]} 29. e5 {[%emt 0:00:47]} Rb8 {[%emt 0:00:47]} 30. Ne4 {[%emt 0:00:18]} dxe5 {[%emt 0:01:14]} 31. bxc5 {[%emt 0:00:09]} Nxd5 {[%emt 0:00:35]} 32. Qxd5 {[%emt 0:00:04]} Nf6 {[%emt 0:00:01]} 33. Qd6 {[%emt 0:00:12]} Qxd6 {[%emt 0:00:25]} 34. Nxd6 {[%emt 0:00:01]} Be6 {[%emt 0:00:01]} 35. Nxe8 {[%emt 0:00:07]} Bxa2 {[%emt 0:00:02]} 36. Nxg7 {[%emt 0:00:01]} Kxg7 {[%emt 0:00:03]} 37. fxe5 {[%emt 0:00:01]} Nd7 {[%emt 0:00:01]} 38. c6 {[%emt 0:00:02]} Nxe5 {[%emt 0:00:04]} 39. c7 {[%emt 0:00:02]} 1-0

[Event "Polgar Challenge 2021"]
[Site "Online"]
[Date "2021.04.04"]
[Round "5.10"]
[White "Keymer, Vincent"]
[Black "Mendonca, Leon Luke"]
[Result "1-0"]
[WhiteElo "2591"]
[BlackElo "2549"]
[Annotator "ChessBase"]
[PlyCount "105"]
[EventDate "2021.04.08"]
[EventType "tourn"]
[EventCountry "NET"]
[SourceTitle "playchess.com"]
[Source "ChessBase"]
[SourceQuality "1"]
[TimeControl "600+5"]

1. Nf3 {[%emt 0:00:00]} Nf6 {[%emt 0:00:00]} 2. c4 {[%emt 0:00:04]} e6 {[%emt 0:00:53]} 3. Nc3 {[%emt 0:00:03]} d5 {[%emt 0:00:01]} 4. e3 {[%emt 0:00:01]} Be7 {[%emt 0:00:13]} 5. b3 {[%emt 0:00:01]} O-O {[%emt 0:00:08]} 6. Bb2 {[%emt 0:00:01]} b6 {[%emt 0:00:02]} 7. cxd5 {[%emt 0:00:10]} exd5 {[%emt 0:00:03]} 8. d4 {[%emt 0:00:02]} Bb7 {[%emt 0:00:18]} 9. Bd3 {[%emt 0:00:01]} Nbd7 {[%emt 0:00:27]} 10. O-O {[%emt 0:00:02]} a6 {[%emt 0:00:02]} 11. Ne2 {[%emt 0:00:04]} Re8 {[%emt 0:00:07]} 12. Ng3 {[%emt 0:00:05]} Bd6 {[%emt 0:00:23]} 13. Nf5 {[%emt 0:00:09]} Bf8 {[%emt 0:00:05]} 14. Ne5 {[%emt 0:00:09]} g6 {[%emt 0:02:15]} 15. Ng3 {[%emt 0:00:04]} Bg7 {[%emt 0:00:49]} 16. f4 {[%emt 0:00:44]} c5 {[%emt 0:00:26]} 17. Qf3 {[%emt 0:00:16]} Qc7 {[%emt 0:00:39]} 18. Rac1 {[%emt 0:00:22]} Rac8 {[%emt 0:00:09]} 19. Qe2 {[%emt 0:01:21]} a5 {[%emt 0:01:32]} 20. Bb5 {[%emt 0:00:34]} Re7 {[%emt 0:00:06]} 21. Rfd1 {[%emt 0:00:14]} Qd8 {[%emt 0:00:45]} 22. a4 {[%emt 0:00:36]} cxd4 {[%emt 0:00:26]} 23. exd4 {[%emt 0:00:10]} Nf8 {[%emt 0:00:19]} 24. Rxc8 {[%emt 0:01:03]} Qxc8 {[%emt 0:00:03]} 25. f5 {[%emt 0:00:25]} Rc7 {[%emt 0:00:36]} 26. Bd3 {[%emt 0:00:18]} Qd8 {[%emt 0:01:07]} 27. Rf1 {[%emt 0:00:11]} Qd6 {[%emt 0:00:01]} 28. h4 {[%emt 0:00:34]} Ne4 {[%emt 0:00:15]} 29. Nxe4 {[%emt 0:00:27]} dxe4 {[%emt 0:00:02]} 30. Bxe4 {[%emt 0:00:00]} Bxe4 {[%emt 0:00:00]} 31. Qxe4 {[%emt 0:00:01]} Qb4 {[%emt 0:00:05]} 32. fxg6 {[%emt 0:00:32]} hxg6 {[%emt 0:00:03]} 33. Qd5 {[%emt 0:00:23]} Bxe5 {[%emt 0:00:06]} 34. Qxe5 {[%emt 0:00:06]} Re7 {[%emt 0:00:03]} 35. Qf6 {[%emt 0:00:16]} Nh7 {[%emt 0:00:12]} 36. Qf3 {[%emt 0:00:04]} Qd2 {[%emt 0:00:05]} 37. Rf2 {[%emt 0:00:43]} Qe1+ {[%emt 0:00:06]} 38. Kh2 {[%emt 0:00:03]} Qe3 {[%emt 0:00:04]} 39. d5 {[%emt 0:00:36]} Qxf3 {[%emt 0:00:11]} 40. Rxf3 {[%emt 0:00:00]} Rd7 {[%emt 0:00:03]} 41. Rc3 {[%emt 0:00:09]} f6 {[%emt 0:00:06]} 42. Rc6 {[%emt 0:00:19]} Rxd5 {[%emt 0:00:04]} 43. Bxf6 {[%emt 0:00:05]} b5 {[%emt 0:00:08]} 44. Bc3 {[%emt 0:00:28]} Nf8 {[%emt 0:00:01]} 45. Rc7 {[%emt 0:00:12]} Ne6 {[%emt 0:00:05]} 46. Re7 {[%emt 0:00:11]} Nd4 {[%emt 0:00:09]} 47. axb5 {[%emt 0:00:14]} Nf5 {[%emt 0:00:04]} 48. Rb7 {[%emt 0:00:21]} Rd3 {[%emt 0:00:01]} 49. Rc7 {[%emt 0:00:11]} Rd5 {[%emt 0:00:04]} 50. b6 {[%emt 0:00:06]} Nd6 {[%emt 0:00:11]} 51. Rd7 {[%emt 0:00:14]} Rc5 {[%emt 0:00:05]} 52. Rxd6 {[%emt 0:00:05]} Rxc3 {[%emt 0:00:05]} 53. Rd8+ {[%emt 0:00:01]} 1-0

[Event "Polgar Challenge 2021"]
[Site "Online"]
[Date "2021.04.04"]
[Round "6.1"]
[White "Zhu, Jiner"]
[Black "Mendonca, Leon Luke"]
[Result "1/2-1/2"]
[WhiteElo "2459"]
[BlackElo "2549"]
[Annotator "ChessBase"]
[PlyCount "78"]
[EventDate "2021.04.08"]
[EventType "tourn"]
[EventCountry "NET"]
[SourceTitle "playchess.com"]
[Source "ChessBase"]
[SourceQuality "1"]
[TimeControl "600+5"]

1. e4 {[%emt 0:00:00]} c5 {[%emt 0:00:00]} 2. Nf3 {[%emt 0:00:00]} Nc6 {[%emt 0:00:07]} 3. d4 {[%emt 0:00:00]} cxd4 {[%emt 0:00:04]} 4. Nxd4 {[%emt 0:00:04]} g6 {[%emt 0:00:12]} 5. c4 {[%emt 0:00:04]} Nf6 {[%emt 0:00:33]} 6. Nc3 {[%emt 0:00:03]} Nxd4 {[%emt 0:00:21]} 7. Qxd4 {[%emt 0:00:04]} d6 {[%emt 0:00:02]} 8. Be3 {[%emt 0:00:10]} Bg7 {[%emt 0:00:04]} 9. f3 {[%emt 0:00:03]} O-O {[%emt 0:00:10]} 10. Qd2 {[%emt 0:00:02]} Be6 {[%emt 0:00:05]} 11. Be2 {[%emt 0:00:27]} Qa5 {[%emt 0:00:31]} 12. Rc1 {[%emt 0:00:13]} Rfc8 {[%emt 0:00:45]} 13. b3 {[%emt 0:00:57]} Nd7 {[%emt 0:00:45]} 14. Nd5 {[%emt 0:01:47]} Qxd2+ {[%emt 0:00:05]} 15. Kxd2 {[%emt 0:00:06]} Bxd5 {[%emt 0:00:22]} 16. cxd5 {[%emt 0:00:04]} a6 {[%emt 0:02:52]} 17. Rxc8+ {[%emt 0:00:05]} Rxc8 {[%emt 0:00:02]} 18. Rc1 {[%emt 0:00:01]} Rxc1 {[%emt 0:00:23]} 19. Kxc1 {[%emt 0:00:03]} Bc3 {[%emt 0:01:02]} 20. a3 {[%emt 0:02:21]} Ba5 {[%emt 0:00:55]} 21. Kc2 {[%emt 0:00:04]} Kg7 {[%emt 0:00:39]} 22. Bd4+ {[%emt 0:01:02]} Kf8 {[%emt 0:00:15]} 23. b4 {[%emt 0:00:51]} Bb6 {[%emt 0:00:14]} 24. Bc3 {[%emt 0:00:14]} Bg1 {[%emt 0:00:56]} 25. h3 {[%emt 0:00:01]} g5 {[%emt 0:00:21]} 26. a4 {[%emt 0:00:15]} f6 {[%emt 0:00:12]} 27. Kb3 {[%emt 0:00:45]} Ke8 {[%emt 0:00:03]} 28. Bd2 {[%emt 0:00:39]} Ne5 {[%emt 0:00:07]} 29. b5 {[%emt 0:00:50]} axb5 {[%emt 0:00:05]} 30. Bxb5+ {[%emt 0:00:01]} Kd8 {[%emt 0:00:06]} 31. Kc2 {[%emt 0:00:40]} Ng6 {[%emt 0:00:05]} 32. Kd1 {[%emt 0:00:12]} Nf4 {[%emt 0:00:05]} 33. Bxf4 {[%emt 0:00:03]} gxf4 {[%emt 0:00:01]} 34. Ke2 {[%emt 0:00:02]} h6 {[%emt 0:00:07]} 35. Kd3 {[%emt 0:00:01]} Bf2 {[%emt 0:00:05]} 36. Ke2 {[%emt 0:00:01]} Bg1 {[%emt 0:00:02]} 37. Kd3 {[%emt 0:00:01]} Bf2 {[%emt 0:00:01]} 38. Kc4 {[%emt 0:00:02]} Kc7 {[%emt 0:00:03]} 39. Kd3 {[%emt 0:00:01]} Kd8 {[%emt 0:00:03]} 1/2-1/2

[Event "Polgar Challenge 2021"]
[Site "Online"]
[Date "2021.04.04"]
[Round "6.2"]
[White "Abdumalik, Zhansaya"]
[Black "Keymer, Vincent"]
[Result "0-1"]
[WhiteElo "2472"]
[BlackElo "2591"]
[Annotator "ChessBase"]
[PlyCount "98"]
[EventDate "2021.04.08"]
[EventType "tourn"]
[EventCountry "NET"]
[SourceTitle "playchess.com"]
[Source "ChessBase"]
[SourceQuality "1"]
[TimeControl "600+5"]

1. e4 {[%emt 0:00:00]} c5 {[%emt 0:00:00]} 2. Nf3 {[%emt 0:00:00]} d6 {[%emt 0:00:00]} 3. d4 {[%emt 0:00:00]} cxd4 {[%emt 0:00:00]} 4. Nxd4 {[%emt 0:00:00]} Nf6 {[%emt 0:00:00]} 5. Nc3 {[%emt 0:00:00]} a6 {[%emt 0:00:00]} 6. h3 {[%emt 0:00:00]} e5 {[%emt 0:00:00]} 7. Nde2 {[%emt 0:00:00]} h5 {[%emt 0:00:00]} 8. g3 {[%emt 0:00:01]} Be7 {[%emt 0:00:08]} 9. Bg2 {[%emt 0:00:02]} b5 {[%emt 0:00:08]} 10. Nd5 {[%emt 0:00:02]} Nbd7 {[%emt 0:00:02]} 11. O-O {[%emt 0:00:21]} Nxd5 {[%emt 0:00:26]} 12. Qxd5 {[%emt 0:00:02]} Rb8 {[%emt 0:00:01]} 13. Be3 {[%emt 0:00:12]} h4 {[%emt 0:00:49]} 14. g4 {[%emt 0:00:09]} Bb7 {[%emt 0:00:04]} 15. Qd2 {[%emt 0:00:06]} O-O {[%emt 0:00:57]} 16. Nc3 {[%emt 0:01:02]} Rc8 {[%emt 0:00:11]} 17. Rac1 {[%emt 0:01:49]} Re8 {[%emt 0:01:40]} 18. Nd5 {[%emt 0:00:47]} Bxd5 {[%emt 0:00:20]} 19. Qxd5 {[%emt 0:00:17]} Nb6 {[%emt 0:00:00]} 20. Qb7 {[%emt 0:00:35]} Nc4 {[%emt 0:00:04]} 21. Qxa6 {[%emt 0:00:01]} Qd7 {[%emt 0:00:14]} 22. a4 {[%emt 0:00:26]} bxa4 {[%emt 0:00:05]} 23. b3 {[%emt 0:01:09]} Nxe3 {[%emt 0:00:41]} 24. fxe3 {[%emt 0:00:00]} Bg5 {[%emt 0:00:03]} 25. Qd3 {[%emt 0:00:15]} Qa7 {[%emt 0:01:19]} 26. Rce1 {[%emt 0:00:04]} a3 {[%emt 0:00:01]} 27. c4 {[%emt 0:00:10]} a2 {[%emt 0:00:09]} 28. Kf2 {[%emt 0:00:25]} Rb8 {[%emt 0:00:24]} 29. Ra1 {[%emt 0:00:10]} Qa3 {[%emt 0:00:07]} 30. Qc2 {[%emt 0:00:23]} Bxe3+ {[%emt 0:01:41]} 31. Ke2 {[%emt 0:00:18]} Qxb3 {[%emt 0:00:34]} 32. Rxa2 {[%emt 0:00:34]} Bd4 {[%emt 0:00:08]} 33. Qxb3 {[%emt 0:00:19]} Rxb3 {[%emt 0:00:00]} 34. Rf3 {[%emt 0:00:00]} Rb4 {[%emt 0:00:14]} 35. Rc2 {[%emt 0:00:15]} Ra8 {[%emt 0:00:11]} 36. Kd2 {[%emt 0:00:22]} Ra1 {[%emt 0:00:31]} 37. Bf1 {[%emt 0:00:10]} Rbb1 {[%emt 0:00:11]} 38. Be2 {[%emt 0:00:03]} Bc5 {[%emt 0:00:06]} 39. Rd3 {[%emt 0:00:23]} Bb4+ {[%emt 0:00:03]} 40. Ke3 {[%emt 0:00:01]} Rh1 {[%emt 0:00:00]} 41. g5 {[%emt 0:00:43]} Rxh3+ {[%emt 0:00:28]} 42. Kf2 {[%emt 0:00:01]} Rh2+ {[%emt 0:00:04]} 43. Ke3 {[%emt 0:00:12]} Bc5+ {[%emt 0:00:08]} 44. Kd2 {[%emt 0:00:05]} Rg1 {[%emt 0:00:22]} 45. Rb3 {[%emt 0:00:06]} h3 {[%emt 0:00:12]} 46. Rb8+ {[%emt 0:00:22]} Kh7 {[%emt 0:00:02]} 47. Rb3 {[%emt 0:00:00]} Kg6 {[%emt 0:00:02]} 48. Rf3 {[%emt 0:00:06]} Rxe2+ {[%emt 0:00:09]} 49. Kxe2 {[%emt 0:00:05]} h2 {[%emt 0:00:00]} 0-1

[Event "Polgar Challenge 2021"]
[Site "Online"]
[Date "2021.04.04"]
[Round "6.3"]
[White "Khademalsharieh, Sarasadat"]
[Black "Gukesh D"]
[Result "0-1"]
[WhiteElo "2494"]
[BlackElo "2578"]
[Annotator "ChessBase"]
[PlyCount "138"]
[EventDate "2021.04.08"]
[EventType "tourn"]
[EventCountry "NET"]
[SourceTitle "playchess.com"]
[Source "ChessBase"]
[SourceQuality "1"]
[TimeControl "600+5"]

1. d4 {[%emt 0:00:00]} d5 {[%emt 0:00:00]} 2. c4 {[%emt 0:00:00]} e6 {[%emt 0:00:00]} 3. Nc3 {[%emt 0:00:00]} Bb4 {[%emt 0:00:13]} 4. cxd5 {[%emt 0:00:20]} exd5 {[%emt 0:00:04]} 5. Nf3 {[%emt 0:00:02]} Nf6 {[%emt 0:00:25]} 6. Bg5 {[%emt 0:00:31]} Nbd7 {[%emt 0:00:37]} 7. Qb3 {[%emt 0:00:48]} c5 {[%emt 0:00:59]} 8. dxc5 {[%emt 0:00:33]} Qa5 {[%emt 0:00:52]} 9. a3 {[%emt 0:01:38]} Bxc3+ {[%emt 0:00:13]} 10. bxc3 {[%emt 0:01:04]} Ne4 {[%emt 0:00:54]} 11. Qb4 {[%emt 0:00:39]} Qxc5 {[%emt 0:00:40]} 12. Be3 {[%emt 0:00:02]} Qc7 {[%emt 0:01:02]} 13. Bd4 {[%emt 0:00:01]} a5 {[%emt 0:00:21]} 14. Qb2 {[%emt 0:00:16]} O-O {[%emt 0:00:03]} 15. e3 {[%emt 0:00:06]} Ndc5 {[%emt 0:00:01]} 16. Bb5 {[%emt 0:01:38]} Bg4 {[%emt 0:01:44]} 17. Ne5 {[%emt 0:00:22]} Bh5 {[%emt 0:00:08]} 18. O-O {[%emt 0:00:05]} a4 {[%emt 0:01:01]} 19. f3 {[%emt 0:00:18]} Nf6 {[%emt 0:00:09]} 20. Nd3 {[%emt 0:00:16]} Nb3 {[%emt 0:00:45]} 21. Rae1 {[%emt 0:01:24]} Nxd4 {[%emt 0:00:44]} 22. cxd4 {[%emt 0:00:02]} Rfc8 {[%emt 0:00:22]} 23. Rc1 {[%emt 0:00:08]} Qe7 {[%emt 0:00:01]} 24. Rfe1 {[%emt 0:00:22]} Rxc1 {[%emt 0:00:07]} 25. Qxc1 {[%emt 0:00:01]} Bg6 {[%emt 0:00:09]} 26. Nc5 {[%emt 0:00:08]} Ne8 {[%emt 0:00:11]} 27. Bxe8 {[%emt 0:00:08]} Rxe8 {[%emt 0:00:10]} 28. Qb2 {[%emt 0:00:02]} Qg5 {[%emt 0:00:09]} 29. Qxb7 {[%emt 0:00:15]} h5 {[%emt 0:00:01]} 30. f4 {[%emt 0:00:05]} Qh4 {[%emt 0:00:04]} 31. g3 {[%emt 0:00:15]} Qd8 {[%emt 0:00:01]} 32. Qc6 {[%emt 0:00:25]} Re7 {[%emt 0:00:09]} 33. Qxa4 {[%emt 0:00:03]} h4 {[%emt 0:00:06]} 34. Qd1 {[%emt 0:00:04]} Qa5 {[%emt 0:00:05]} 35. a4 {[%emt 0:00:03]} Bh5 {[%emt 0:00:03]} 36. Qb1 {[%emt 0:00:06]} Qd2 {[%emt 0:00:09]} 37. Qc1 {[%emt 0:00:06]} Qa5 {[%emt 0:00:08]} 38. Rf1 {[%emt 0:00:09]} h3 {[%emt 0:00:02]} 39. Qe1 {[%emt 0:00:04]} Qa8 {[%emt 0:00:11]} 40. Qf2 {[%emt 0:00:07]} Qa5 {[%emt 0:00:03]} 41. Qe1 {[%emt 0:00:15]} Qa8 {[%emt 0:00:02]} 42. Qd2 {[%emt 0:00:01]} Qe8 {[%emt 0:00:05]} 43. Re1 {[%emt 0:00:02]} Ra7 {[%emt 0:00:10]} 44. a5 {[%emt 0:00:03]} Qb5 {[%emt 0:00:04]} 45. a6 {[%emt 0:00:01]} Bg6 {[%emt 0:00:00]} 46. Qe2 {[%emt 0:00:06]} Qa5 {[%emt 0:00:03]} 47. Rf1 {[%emt 0:00:07]} Bf5 {[%emt 0:00:06]} 48. Qf3 {[%emt 0:00:10]} Qd2 {[%emt 0:00:04]} 49. g4 {[%emt 0:00:10]} Bc8 {[%emt 0:00:13]} 50. Qf2 {[%emt 0:00:15]} Qc3 {[%emt 0:00:03]} 51. Qe1 {[%emt 0:00:06]} Qa3 {[%emt 0:00:07]} 52. Qg3 {[%emt 0:00:05]} Bxa6 {[%emt 0:00:02]} 53. Nxa6 {[%emt 0:00:01]} Qxa6 {[%emt 0:00:03]} 54. Qxh3 {[%emt 0:00:01]} Qd3 {[%emt 0:00:02]} 55. Qf3 {[%emt 0:00:12]} Ra2 {[%emt 0:00:05]} 56. Rf2 {[%emt 0:00:03]} Ra1+ {[%emt 0:00:02]} 57. Kg2 {[%emt 0:00:01]} Re1 {[%emt 0:00:04]} 58. e4 {[%emt 0:00:20]} Qxd4 {[%emt 0:00:02]} 59. exd5 {[%emt 0:00:03]} Re3 {[%emt 0:00:01]} 60. d6 {[%emt 0:00:11]} Rxf3 {[%emt 0:00:01]} 61. Rxf3 {[%emt 0:00:00]} Qxd6 {[%emt 0:00:01]} 62. h4 {[%emt 0:00:01]} Qd2+ {[%emt 0:00:03]} 63. Kg3 {[%emt 0:00:01]} Qe1+ {[%emt 0:00:00]} 64. Kh3 {[%emt 0:00:03]} Qh1+ {[%emt 0:00:02]} 65. Kg3 {[%emt 0:00:00]} Qg1+ {[%emt 0:00:00]} 66. Kh3 {[%emt 0:00:01]} Kh7 {[%emt 0:00:02]} 67. h5 {[%emt 0:00:01]} Kh6 {[%emt 0:00:03]} 68. Ra3 {[%emt 0:00:24]} Qf2 {[%emt 0:00:06]} 69. Ra6+ {[%emt 0:00:21]} f6 {[%emt 0:00:02]} 0-1